000 00215nam a2200097Ia 4500
005 20251222114416.0
008 251222s1900||||xx |||||||||||||| ||spa||
082 _aDVD0070/A31/2001
245 0 _aValentín:
942 _cDVD
999 _c2231
_d2231